Slovak record the voice and opinion of the majority of American Slovaks : official organ of the Slovak League of America, ...

Bibliographic Details
Format: Newspaper
Language:English
Slovak
PhysicalDescription:zv. 44 cm
Published: Passaic N. J. Slovak League of America 1943-[1945]
Subjects:

MARC

LEADER 00000cas a2200000 a 4500
001 vtls001223006
003 SK-MaSNL
005 20260228162026.0
008 180129d19431945xxumr|n 0 0b0eng
035 |a SNK000168842 
040 |a SNK  |b slo  |c SNK  |e AACR2 
041 0 |a eng  |a slo 
044 |a xxu  |c US 
072 7 |a 323  |x Vnútropolitický vývoj, politický život  |2 konspekt 
080 |a 323.15  |2 2011 
080 |a (=162.4)  |2 2011 
080 |a 050  |2 2001 
080 |a 314.15-026.49(051)+(054)  |2 2011 
245 0 0 |a Slovak record  |b the voice and opinion of the majority of American Slovaks : official organ of the Slovak League of America, ... 
260 |a Passaic N. J.  |b Slovak League of America  |c 1943-[1945] 
300 |a zv.  |c 44 cm 
310 |a 1x mesačne 
362 0 |a Vol. 1, nr. 1 (jan. 1943)-[1945] 
500 |a Č. 5 (1943) vyšlo ako zvláštne vydanie Strieborného kongresu Slovenskej ligy v Amerike 
546 |a Text aj v slov. 
650 0 7 |a Slováci v zahraničí  |2 SNKPH  |9 14695 
655 7 |a krajanské periodiká  |2 SNKPH  |9 110004 
850 |a Slovenská národná knižnica v Martine 
910 |a snk 
999 |c 6534  |d 8464 
952 |0 0  |1 0  |4 0  |7 0  |8 2  |a SNK  |b SNK  |d 1996-11-15  |i snkV 2021/96  |l 0  |o snkČSA 1286/1/1943  |p 17A0017405  |r 2005-01-01 00:00:00  |w 2026-02-21  |y PREZ